| 000 | 01091nam a2200301 a 4500 | ||
|---|---|---|---|
| 001 | 000007244 | ||
| 005 | 20210628225111.0 | ||
| 008 | 090907s2003 dr a 001 0 spa d | ||
| 020 | _a9993477311 | ||
| 040 |
_aDO-SdBNP _bspa _cBNPHU |
||
| 082 |
_a618.0425 _bM516e |
||
| 100 | 1 |
_aMejía, Wilson _920075 |
|
| 245 | 1 | 0 |
_aEmergencias y urgencias en gineco-obstetricia / _cWilsón Mejía ; prólogo Alejandro Pichardo. |
| 260 |
_aSanto Domingo : _bUASD, _c2003. |
||
| 300 |
_a352 p. : _bil. ; _c23 cm. |
||
| 490 | 1 |
_aUniversidad Autonóma de Santo Domingo ; _v1146 |
|
| 490 | 1 |
_aSalud y sociedad ; _v41 |
|
| 504 | _aBibliografía : p. 345 - 352 | ||
| 590 | _aInventariado,2018/DG | ||
| 650 | 4 |
_aUrgencias en obstetricia _918300 |
|
| 650 | 4 |
_aEnfermedades ginecológicas _xDiagnóstico _920095 |
|
| 650 | 4 |
_aParto _91407 |
|
| 700 | 1 | 2 |
_aPichardo, Alejandro, _epról. _9238 |
| 710 |
_aUniversidad Autónoma de Santo Domingo _976692 |
||
| 830 | 0 |
_aUniversidad Autonóma de Santo Domingo ; _n1146 _920097 |
|
| 830 | 0 |
_aSalud y sociedad ; _n41 _920098 |
|
| 910 | _aValidado. Control de calidad. MFF | ||
| 999 |
_c7025 _d7025 |
||